000 00286 a2200121 4500
000 nam a22 7a 4500
005 20260211160216.0
020 _a9789360862848
100 _aKailash Satyarthi
_91115317
245 _aDiyasalai
260 _bRajkamal Prakashan
_c2025
942 _cTEXL
999 _c1679378
_d1679378